000 01318nam0a22003371 4500
001 RU\INFOCOMM_327\NLR\5000040687
005 20260405101640.0
035 _a(NLR Aleph) 009582834
090 _a9201585
_c9201585
100 _a20130226d1973 |||y0rusy50 ca
101 0 _aeng
102 _aRU
105 _ay z |||||
200 1 _aAutomodelity in the angle elastic scattering and hadron structure
_fV. A. Matveev, R. M. Muradyan, A. N. Tavkhelidze
210 _aДубна
_d1973
215 _a12 с.
_d21 см
225 1 _aˆ[‰Издания]
_fОбъедин. ин-т ядерных исследований
_vD2-7110
_iЛаборатория теоретической физики
320 _aБиблиогр.: с. 12
606 0 _aАдроны
_xРассеяние упругое
_2nlr_sh1
606 0 _aАдроны
_xСтруктура
_2nlr_sh1
686 _aВ382.3
_2rubbk
700 1 _8rus
_7ba
_aMatveev
_bV. A.
_cфизик
_f1941-
_gViktor Anatol'evič
_3RU\NLR\AUTH\7737555
_920543
701 1 _9z01790
_aMuradjan
_bR. M.
_gRudol'f Muradovič
701 1 _9z02790
_aTavchelidze
_bA. N.
790 1 _9z01701
_aMuradyan
_bR. M.
_4070
790 1 _9z02701
_aTavkhelidze
_bA. N.
_4070
801 1 _aRU
_bInfocomm
_c20130226
801 0 _aRU
_bINFOCOMM
_gPSBO
852 _aNLR
_jP11/3130
942 _cBOOK
980 _aNB